|
|
|
|
| LEADER |
01046cam a2200289 a 4500 |
| 001 |
c000224382 |
| 003 |
CARM |
| 005 |
20061010142214.0 |
| 008 |
861028s1983 gw a b 000 0 eng d |
| 019 |
1 |
|
|a 4658489
|z 27540833
|5 LACONCORD2021
|
| 020 |
|
|
|a 3879071322
|
| 035 |
|
|
|a (OCoLC)10832319
|5 LACONCORD2021
|
| 040 |
|
|
|a NUN
|b eng
|c NUN
|d NUN:M
|
| 082 |
1 |
4 |
|a 526.7
|2 19
|
| 100 |
1 |
|
|a Biró, Péter.
|
| 245 |
1 |
0 |
|a Time variation of height and gravity /
|c by Péter Biró.
|
| 260 |
|
|
|a Karlsruhe :
|b Wichmann Verlag,
|c 1983.
|
| 300 |
|
|
|a 160 p. :
|b ill. ;
|c 24 cm.
|
| 440 |
|
0 |
|a Sammlung Wichmann ;
|v Bd. 14.
|
| 500 |
|
|
|a Translated by Gy. Várhidi ; edited by H. Moritz.
|
| 504 |
|
|
|a Bibliography: p. [153]-160.
|
| 650 |
|
0 |
|a Gravity
|x Measurement.
|
| 650 |
|
0 |
|a Geodesy.
|
| 700 |
1 |
|
|a Moritz, Helmut,
|d 1933-
|
| 852 |
8 |
|
|b CARM
|h A2:AN12G0
|i C08368
|p 0314397
|f BK
|
| 999 |
f |
f |
|i 9530fe04-d8b6-582b-82d5-3757cc0bd3f1
|s 4cf848b3-7dbc-51d4-ac57-20351b0deacb
|
| 952 |
f |
f |
|p Can circulate
|a CAVAL
|b CAVAL
|c CAVAL
|d CARM 1 Store
|e C08368
|f A2:AN12G0
|h Other scheme
|i book
|m 0314397
|